000 00929nam a2200241Ia 4500
008 130821s1997 ck aobegr spa
020 _a9584849439
040 _aCo-BoUCM
_bspa
041 0 0 _aspa
100 1 _aSamper Gnecco, Germán
_d1924-
_983926
245 1 0 _aRecinto urbano la humanización de la ciudad
_cGermán Samper Gnecco ; editor Fondo Editorial Escala
260 _aBogotá (Colombia)
_bEscala
_c[1997]
300 _a285 páginas
_bilustraciones, mapas, planos, fotografías
504 _aIncluye referencias bibliográficas.
650 0 4 _aArquitectura
_97290
650 0 4 _aDiseño arquitectónico
_zColombia
_913371
650 0 4 _aEspacio en arquitectura
_zColombia
_914880
650 0 4 _aUrbanismo
_zColombia
_945141
650 0 4 _aVivienda
_zColombia
_926342
710 2 _aFondo Editorial Escala
_eeditor.
_9161228
942 _cLIBRO
_a17
_e1
_mS192r
_2DEWEY
_h711.409861
999 _c42342
_d42342